| 000 | 00409nam a22001577a 4500 | ||
|---|---|---|---|
| 003 | PILC | ||
| 005 | 20151012110137.0 | ||
| 008 | 151012b xxu||||| |||| 00| 0 eng d | ||
| 020 | _a 9780340998649 | ||
| 050 |
_aPZ 7 _b.J76 2006 |
||
| 100 | _aJones, Belinda. | ||
| 245 |
_aWinter wonderland / _cBelinda Jones. |
||
| 260 |
_aLondon : _bHodder, _c2006. |
||
| 300 |
_a300 pages ; _c19 cm. |
||
| 942 |
_2lcc _cBK _kFOR |
||
| 999 |
_c288846 _d288846 |
||